000 00316nam a2200121Ia 4500
005 20260328104249.0
008 260328s9999||||xx |||||||||||||| ||und||
100 _aÁbalos, Iñaki
245 0 _aBruno Tauf :
_b escritos expresionista /
_cIñaki Ábalos
260 _bEl Croquis
650 _aARQUITECTOS
942 _cBK
999 _c10177
_d10177